| 000 | 00546cam a22001934a 4500 | ||
|---|---|---|---|
| 005 | 20250605164157.0 | ||
| 008 | 250528s ||||||||||||||||||||||||d | ||
| 035 | _a19642 | ||
| 020 | _a9608508517 | ||
| 040 |
_aGR-AtMCL _bgre _dGR-AtMCL _eAACR2 |
||
| 245 | 1 | _aΘΕΩΡΙΕΣ ΜΑΘΗΣΗΣ ΚΑΙ ΕΚΠΑΙΔΕΥΤΙΚΗ ΠΡΑΞΗ ΤΟΜΟΣ Α | |
| 250 | _a3 | ||
| 260 |
_bΑυτοεκδοση, _c2005 |
||
| 300 | _a224 | ||
| 700 | 1 |
_aΚολιαδη Εμμανουηλ Α _95085 |
|
| 942 | _cBK | ||
| 999 |
_c4898 _d4898 |
||